000 00910nam 22001693 4500
001 198808
090 _a198808
100 _a20251104d u||y0pory50 ba
200 _aHistória da filosofia : ideias, doutrinas
_fdirecção François Chatelet
210 _aLisboa
_cDom Quixote
_d1974-198?
215 _a8 vols.
_cbrochado
_d21 cm
327 _aVolume II : A filosofia medieval do séc I ao séc. XV /A. Abdel-Malek...[et al.]. - 215 p. Volume III : A filosofia do mundo novo séc. XVI e séc XVII/ Ferdinand Alquié...[ et al.]. - 210, [2] p. Volume IV : O iluminismo / J. Adamov-Autrusseau...[et al.]. -210, [2] p. Volume V : A filosofia e a história 1780-1880/ W. Bannour...[et al.]. - 333 p. Volume VI : A filosofia do mundo cientifico e industrial 1860-1940/ J. Bernhardt...[et al.]. - 237 p.
606 _932
_aFilosofia
675 _a1
_vPT
_zpor
801 _aPT
_bBMMN
_gRPC
830 _cVanda
990 _cLIVROS